| 000 | 00395nam a2200145Ia 4500 | ||
|---|---|---|---|
| 008 | 230917s9999||||xx |||||||||||||| ||und|| | ||
| 040 |
_e210904 _aMAIN |
||
| 041 | _aEnglish | ||
| 082 | _a583.624 Y11E | ||
| 100 | _aYadav, Sanjay | ||
| 245 | 0 | _aEvaluation of genetic variability and medicinal value of Dipteracanhus patulus (Jacq.)) nees | |
| 260 | _c2011 | ||
| 300 | _a157p p. | ||
| 942 | _cTH | ||
| 999 |
_c125710 _d125710 |
||